000 00513nam a2200169 i 4500
001 61660
003 ES-MaACL
005 20230906164519.0
007 t|
008 031113s1967 sp ||||1| spa d
100 1 _aFabro, Cornelio.
_948578
245 1 0 _aIntroducción al tomismo /
_cCornelio Fabro ; [versión María Francisca de Castro Gil].
260 _aMadrid :
_bRialp,
_c[1967]
300 _a203 p. ;
_c18 cm.
700 1 _aCastro Gil, María Francisca de.
_936926
852 _aES-MaACL
_jC-31360
_bR.61893
999 _c61660
_d61660